000 00794cab a2200277 4500
001 ABS47508
008 090401t1992 xxu||||| |||| 00| 0 eng d
035 _a(Sirsi) u62309
041 _aeng
100 _aSlatter, B.
245 _aPlanning - getting it right
260 _c1992
350 _a0
490 _aCS Monthly : Rural Practice
_v2(3) November 1992, 3(1)
520 _aSummarises planning legislation of interest to chartered surveyors engaged in land agency activities.
650 _aCPD
650 _aFARM BUILDINGS
650 _aMENTOR
650 _aPLANNING AND COMPENSATION ACT 1991
650 _aPPG1
650 _aTOWN AND COUNTRY PLANNING ACT 1990
690 _aPLANNING LAW AND PRACTICE
690 _aRURAL PRACTICE
942 _n0
948 _c04/03/1997
999 _c38726
_d38726